000 00814nas a2200277 4500
001 BR0102668
003 BR-BrBNA
005 20231205102252.0
007 ta
008 230509b bl.|||p| |||| 00| 00por d
040 _aBR-BrBNA
_bpor
_cBiblioteca Nacional de Agricultura
041 _a(Pt)
072 _aN20
100 1 _aCorrea, I.M.
100 1 _aYanai, K.
100 1 _aMaziero, J.V.G.
100 1 _aLancas, K.P.
245 1 _aDeterminacao da circunferencia de rolamento de pneus agricolas utilizando dois metodos: manual e eletronico
650 _aTrator
650 _aVelocidade
650 _aMecanizacao
650 _aPerformance
773 0 _tBragantia (Brazil)
_xISSN 0006-8705
_g(1999), v. 58(1) p. 179-184
_wBR0102668
909 _a202311
_bLúcia
_c55
_dLúcia Elande
942 _2AGRIS
_n0
_cANA
999 _c166682
_d166682